Central Library OPAC University of Rajshahi

Man and the vertebrates / (Record no. 13602)

MARC details
000 -LEADER
fixed length control field 00853cam a22002891 4500
001 - CONTROL NUMBER
control field 13602
003 - CONTROL NUMBER IDENTIFIER
rucl marc code BD-RjUL
005 - DATE AND TIME OF LATEST TRANSACTION
control field 20211208235459.0
008 - FIXED-LENGTH DATA ELEMENTS--GENERAL INFORMATION
fixed length control field 140201r19621954ilua 000 0 eng d
035 ## - SYSTEM CONTROL NUMBER
System control number (BD-RjUL)13654
System control number (OCoLC)1127425
040 ## - CATALOGING SOURCE
Original cataloging agency DLC
Transcribing agency OWoC
Modifying agency OCoLC
-- DLC
-- BD-RjUL
Language of cataloging eng
041 ## - LANGUAGE CODE
Language code of text/sound track or separate title eng
082 00 - DEWEY DECIMAL CLASSIFICATION NUMBER
Classification number 596
Author mark and year ROM 1962
100 1# - MAIN ENTRY--PERSONAL NAME
Personal name Romer, Alfred Sherwood,
Dates associated with a name 1894-
9 (RLIN) 40562
245 10 - TITLE STATEMENT
Title Man and the vertebrates /
Statement of responsibility, etc. by Alfred Sherwood Romer .
Number of part/section of a work Volume II
260 ## - PUBLICATION, DISTRIBUTION, ETC. (IMPRINT)
Place of publication, distribution, etc. Baltimore :
Name of publisher, distributor, etc. Penguin books ,
Date of publication, distribution, etc. 1933 [Repreint 1962]
300 ## - PHYSICAL DESCRIPTION
Pagination vii, 437 p. :
Illustrations illus., diagrs. ;
Size 18cm.
504 ## - BIBLIOGRAPHY, ETC. NOTE
Bibliography, etc Includes Index
650 #0 - SUBJECT ADDED ENTRY--TOPICAL TERM
Topical term or geographic name as entry element Vertebrates.
9 (RLIN) 42558
Topical term or geographic name as entry element Evolution.
9 (RLIN) 42559
Topical term or geographic name as entry element Paleontology.
9 (RLIN) 42560
Topical term or geographic name as entry element Human anatomy.
9 (RLIN) 42561
942 ## - ADDED ENTRY ELEMENTS (KOHA)
Source of classification or shelving scheme Dewey Decimal Classification
Koha item type Books
Holdings
Lost status Source of classification or shelving scheme Materials specified (bound volume or other part) Damaged status Not for loan Collection code Permanent Location Current Location Shelving location Date acquired Source of acquisition Total Checkouts Full call number Date last seen Copy number Koha item type
  Dewey Decimal Classification V-2   Not For Loan Non-fiction Central Library, University of Rajshahi Central Library, University of Rajshahi Reading Room 16/05/1963 Asia foundation Gift   596 ROM 1962 01/02/2014 C-1 Books